|
|
|
|
| LEADER |
00000cam a2200000 7i4500 |
| 001 |
0000003085 |
| 005 |
20040519.0 |
| 020 |
0 |
0 |
|a 9832181348
|
| 090 |
0 |
0 |
|a 634.9
|b BAS 2002
|
| 245 |
0 |
0 |
|a BASIC principles of biotechnology and their application in forestry
|c editor B. Krishnapillay
|
| 260 |
0 |
0 |
|a Kuala Lumpur :
|b Asia Pacific Association of Forestry Institution ,
|c 2002
|
| 300 |
|
|
|a xviii, 171 p. :
|b ill. ;
|c 30 cm.
|
| 500 |
0 |
0 |
|a Includes bibliographical references and index
|
| 650 |
0 |
0 |
|a Biotechnology
|
| 650 |
0 |
0 |
|a Forests and forestry
|x Biotechnology
|
| 700 |
0 |
1 |
|a Baskaran Krishnapillay
|
| 710 |
1 |
1 |
|a Asia Pacific Association of Forestry Institution (APAFRI)
|
| 998 |
|
|
|a JPSM
|
| 999 |
|
|
|a 0000005515
|b Monograph
|c Open Shelf
|e Default branch
|
| 999 |
|
|
|a 0000005538
|b Monograph
|c Open Shelf
|e Default branch
|
| 999 |
|
|
|a 0000005988
|b Monograph
|c Open Shelf
|e Default branch
|